000 00695 a2200265 4500
003 0
005 20170131155843.0
008 170131b xxu||||| |||| 00| 0 eng d
020 _a2-225-42317-2
040 _aBUAC
_bFre
_cBFSA
_dBEPAC
100 _aPagney, Pierre.
130 _lFr.
245 _aLes Climats de la terre
_c/ par Pierre Pagney
260 _aParis :
260 _bMasson,
260 _c1976
300 _a150 p.
_bill. fig. tabl. cartes ;
_c24 cm.
440 _a(Initiation aux Etudes de Géographie)
_929332
500 _aComprend bibliogr. et index
650 _aGéographie
650 _aClimatologie
690 _aclimat.
942 _cLIVR
999 _c26637
_d26637